00215pam a2200109 a 4500020000500000041000500005100002200010245004300032260000900075300000700084653001400091 c h aDr. V. S. Phadake aGeography Stad VIIIhTextual Documents c1994 a59 aGeography